000 00657nam a2200229Ia 4500
003 OSt
005 20220928123953.0
006 a|||||r|||| 00| 0
007 ta
008 220927b |||||||| |||| 00| 0 eng d
024 _a94578
037 _cTextual
040 _aSDCL
_cSDCL
_beng
041 _2eng
_aeng
082 _aV55:51'N18, K7
100 _aRyder A J
_9462812
245 0 _aGerman revolution of 1918
_b A study of German socialism in war and revolt.
260 _aCambridge
_bCambridge University Press
_c1967
300 _axv,303p.
_ccm.
942 _hV55:51'N18, K7
_cTEXL
_2CC
999 _c775778
_d775778